Imperialismo ecológico: la expansión biológica de Europa, 900-1900

Guardat en:
Dades bibliogràfiques
Autor principal: Crosby, Alfred W (Autor)
Format: Llibre
Idioma:espanyol
Publicat: Barcelona Crítica 1999
Col·lecció:Libro de Historia
Matèries:
Etiquetes: Afegir etiqueta
Sense etiquetes, Sigues el primer a etiquetar aquest registre!

MARC

LEADER 00000nam a2200000 a 4500
001 UCL1606
003 CL-VaPUC
008 030911e19990000SP |||||||||||||||||spa|d
020 |a 847423994X 
082 0 4 |a 909.07  |b CRO  |2 21 
100 0 |a Crosby, Alfred W  |e author  |9 478470 
245 1 0 |a Imperialismo ecológico: la expansión biológica de Europa, 900-1900 
300 |a 350 p 
942 |c BK 
945 |d 20030911 00:00:00  |a cmena 
260 |a Barcelona  |b Crítica  |c 1999 
650 0 |a Historia  |9 255047 
650 0 |a Edad media  |9 258041 
650 0 |a Medio ambiente  |9 257625 
650 7 |a EXPANSION TERRITORIAL  |2 CL-VaPUC  |9 393702 
650 0 |a Imperialismo  |9 258264 
583 |a last modification  |c 20030911 00:00:00  |k Rodrigo Vera 
490 0 |a Libro de Historia 
999 |c 305103  |d 305101 
952 |0 0  |1 0  |4 0  |6 909_070000000000000_CRO_1999  |7 0  |8 A  |9 368074  |a BIBHIS  |b BIBHIS  |d 2019-11-21  |i 3907007  |o 909.07 CRO 1999  |p 3907007  |r 2025-01-20  |w 2019-11-21  |y BK  |k HIS